000 01468nam0a2200325 4500
001 RU\NLR\bibl\1079897
005 20260405085123.0
010 _a978-5-9614-0516-3
_95000
021 _aRU
_b2007-19435
_91035
035 _a(NLR Aleph) 001067083
090 _a975065
_c975065
100 _a20070502d2007 |||y0rusy50 ca
101 1 _arus
102 _aRU
105 _aa |||||||||
200 1 _aКак делать деньги на фондовом рынке
_eстратегия торговли на росте и падении
_fУильям Дж. О'Нил
_gпер. с англ.: [А. Шматова]
205 _a4-е изд.
210 _aМосква
_cАльпина бизнес букс
_d2007
215 _a328 с.
_cил.
_d24
300 _aЗагл. и авт. ориг.: How to make money in stocks / William J. O'Neil
454 0 _12001#$aHow to make money in stocks$fWilliam J. O'Neil
_1700#1$3RU\NLR\auth\77105422$7ba$aO'Neil$bW. J.$f1933-$gWilliam J.$4070
_tHow to make money in stocks
_aO'Neil, William J. (1933-)
606 1 _aФондовые рынки
_xИнвестиции капитала
_92241120
_3RU\NLR\auth\661344800
686 _aУ26(0)229.5
700 1 _4070
_7ca
_8rus
_aО'Нил
_bУ. Дж.
_f1933-
_gУильям Дж.
_914176
_3RU\NLR\auth\7731165
801 0 _aRU
_bNLR
_c20070502
_gRCR
801 1 _aRU
_bNLR
_c20070502
830 _aАвт. раскрыт по кн.
942 _cBOOK
980 _aNB